1353 1002 1784 1110 1543 1497 1177 1955 1783 1406 1283 1689 1957 1436 1713 1326 1523 1963 1105 1223 1546 1338 1135 1158 1951 1594 1567 1327 1407 1546 1615 1184 1200 1444 1219 1953 1387 1488 1585 1441 1212 1771 1318 1303 1861 1845 1720 1613 1176 1226 1724 1160 1470 1634 1294 1592 1111 1285 1460 1155 1436 1796 1029 1077 1466 1601 1482 1300 1408 1007 1009 1208 1961 1550 1081 1741 1706 1675 1947 1941 1054 1601 1301 1489 1836 1412 1095 1967 1114 1477 1222 1715 1755 1662 1141 1113 1143 1732 1616 BCNSPRNW ULIB Ver.6.0+V

เปลี่ยนเป็นภาษาไทย

Change to English
 แสดงรายละเอียดบรรณานุกรม
  กลับหน้าหลัก

Brief Record : Get Marc (ISO 2709) : E-mail record : QR code < ปิดหน้าต่าง
LEADER : 00000nam 2200000uu 4500
001    13399113617
003     ULIB
008    111124s2553||||th 000 0 tha d
020    ^a9786167077017
090    ^aนว.^bอ429พ 2553
100 0  ^aอลินน์
245 00 ^aพรางภพเจาะเวลาหาหัวใจ/^cอลินน์
250    ^aพิมพ์ครั้งที่ 1
260    ^aกรุงเทพฯ :^bสาริน,^c2553
300    ^a313 หน้า
710 1  ^aสาริน
945    ^p229^l0^i17078
995    ^aทศพร
999    ^aใช้งานได้ทุกระบบ
รายการนี้ยังไม่มีแท็ก
คุณยังไม่ได้ล็อกอิน คุณสามารถมีกิจกรรมร่วมกับเว็บไซต์ได้ แต่ต้องล็อกอินก่อน ::
  ล็อกอิน

รายการสื่อสารสนเทศ

ลำดับที่ ประเภท เลขเรียก/บาร์โค้ด สถานที่ สถานะ
1. นวนิยาย
นวนิยาย
นว. อ429พ 2553 ฉ.1 
  Barcode: 17078
ห้องสมุดวิทยาเขตสวรรค์ประชารักษ์
►นวนิยาย
บนชั้น
  ขอยืม

รายการใกล้เคียง
    ผู้แต่ง [อลินน์]

BibComment


ยังไม่เคยถูกคอมเมนท์

คอมเมนท์ทรัพยากรรายการนี้
  คอมเมนท์: พรางภพเจาะเวลาหา..


 Copyright 2026. Bcnsprnw @Library